[Event "RUS-chT2"]
[Site "Sochi"]
[Date "2024.05.02"]
[Round "2.1"]
[White "Khegay, Dmitriy"]
[Black "Vasilkov, Nikolay"]
[Result "1-0"]
[WhiteElo "2491"]
[BlackElo "2077"]
[PlyCount "74"]
[EventDate "2024.05.01"]
[EventType "team-swiss"]
[EventRounds "9"]
[EventCountry "RUS"]
[SourceTitle "CB21_2024"]
[SourceDate "2024.05.22"]
[SourceVersion "1"]
[SourceVersionDate "2024.05.22"]
[SourceQuality "1"]
[WhiteTeam "Krasnoyarsk Region Enisey"]
[BlackTeam "Moscow Botvinnik School"]
[WhiteTeamCountry "RUS"]
[BlackTeamCountry "RUS"]

1. c4 Nf6 2. Nf3 e6 3. g3 d5 4. Bg2 Be7 5. 0-0 0-0 6. b3 a5 7. Nc3 c6 8. d4 b6 9. Bb2 Ba6 10. Nd2 b5 11. c5 Nbd7 12. Re1 b4 13. Na4 Bb5 14. a3 Qc7 15. Qc2 Rfe8 16. e3 e5 17. Nb6 Nxb6 18. cxb6 Qxb6 19. dxe5 Nd7 20. a4 Ba6 21. Rac1 Rac8 22. Bh3 Nf8 23. Bxc8 Rxc8 24. e4 Ne6 25. Rcd1 Bc5 26. Nf3 d4 27. Rd3 Bxd3 28. Qxd3 Qc7 29. Nd2 Ba7 30. f4 Rd8 31. Kg2 Nc5 32. Qc4 Qd7 33. f5 Qe7 34. Nf3 d3 35. Rd1 d2 36. Rxd2 Rxd2+ 37. Nxd2 Qd8 1-0

[Event "Belgrade Serbia op"]
[Site "Belgrade"]
[Date "2023.07.20"]
[Round "5"]
[White "Radojicic, Aleksandar M"]
[Black "Vasilkov, Nikolay"]
[Result "0-1"]
[WhiteElo "2203"]
[BlackElo "1834"]
[PlyCount "134"]
[EventDate "2023.07.16"]
[EventType "swiss"]
[EventRounds "9"]
[EventCountry "SRB"]
[SourceTitle "CBM 215 Extra"]
[Source "ChessBase"]
[SourceDate "2023.09.30"]
[SourceVersion "1"]
[SourceVersionDate "2023.09.30"]
[SourceQuality "1"]

1. d4 Nf6 2. Nf3 e6 3. c4 d5 4. Nc3 c6 5. e3 Nbd7 6. Qc2 Bd6 7. Be2 0-0 8. 0-0 b6 9. b3 Bb7 10. Bb2 Rc8 11. Rad1 Qe7 12. Rfe1 c5 13. cxd5 exd5 14. Qb1 Rfd8 15. g3 a6 16. Nh4 g6 17. Bf3 cxd4 18. Rxd4 Be5 19. Rd3 Nc5 20. Rdd1 Nfe4 21. Ne2 Qf6 22. Bxe5 Qxe5 23. Bg2 Ne6 24. Nf3 Qf6 25. Qa1 d4 26. Nexd4 N6g5 27. h4 Rxd4 28. hxg5 Rxd1 29. Rxd1 Qxa1 30. Rxa1 Rc5 31. Nd2 Nd6 32. Bxb7 Nxb7 33. Ne4 Re5 34. Nf6+ Kg7 35. Nd7 Rxg5 36. Nxb6 Rb5 37. Nc4 Na5 38. Nxa5 Rxa5 39. a4 Rc5 40. b4 Rc6 41. b5 axb5 42. axb5 Rb6 43. Rb1 Kf6 44. Kg2 Ke5 45. Kf3 f5 46. Ke2 Kd5 47. Kd3 g5 48. f3 h5 49. f4 g4 50. Kc3 Ke4 51. Kc4 Kf3 52. Kc5 Rh6 53. b6 Kxg3 54. b7 Rh8 55. b8Q Rxb8 56. Rxb8 h4 57. Kd5 h3 58. e4 Kxf4 59. e5 h2 60. Rh8 g3 61. e6 g2 62. e7 h1Q 63. e8Q Qd1+ 64. Kc4 g1Q 65. Qb8+ Kf3 66. Qb7+ Kf2 67. Qb2+ Qe2+ 0-1

[Event "Paracin op 16th"]
[Site "Paracin"]
[Date "2023.07.08"]
[Round "2"]
[White "Krstic, Andrija Marko"]
[Black "Vasilkov, Nikolay"]
[Result "1-0"]
[WhiteElo "2075"]
[BlackElo "1834"]
[PlyCount "71"]
[EventDate "2023.07.07"]
[EventType "swiss"]
[EventRounds "9"]
[EventCountry "SRB"]
[SourceTitle "EXT 2024"]
[Source "ChessBase"]
[SourceDate "2023.10.10"]
[SourceVersion "1"]
[SourceVersionDate "2023.10.10"]
[SourceQuality "1"]

1. d4 Nf6 2. c4 e6 3. Nf3 d5 4. Nc3 c6 5. cxd5 exd5 6. Bf4 Be7 7. e3 0-0 8. Bd3 a5 9. Ne5 Na6 10. 0-0 Nc7 11. Rc1 Ne6 12. Bg3 Bd7 13. Qb3 b5 14. a4 b4 15. Ne2 c5 16. Nxd7 Qxd7 17. Bb5 Qa7 18. dxc5 Nxc5 19. Qd1 Ne6 20. Be5 Rac8 21. Nd4 Nxd4 22. Bxd4 Qb8 23. Qe2 Ne4 24. Ba6 Rxc1 25. Rxc1 Bd6 26. Qh5 f5 27. f3 Nd2 28. Rc6 Nb3 29. Bb6 Be5 30. f4 Bxb2 31. Qd1 Na1 32. Bc5 Rd8 33. Be7 Rd7 34. Rc8+ Qxc8 35. Bxc8 Rxe7 36. Qxd5+ 1-0

[Event "EU-ch 23rd"]
[Site "Vrnjacka Banja"]
[Date "2023.03.12"]
[Round "10"]
[White "Vasilkov, Nikolay"]
[Black "Van Foreest, Machteld"]
[Result "1/2-1/2"]
[WhiteElo "1931"]
[BlackElo "2341"]
[PlyCount "118"]
[EventDate "2023.03.03"]
[EventType "swiss"]
[EventRounds "11"]
[EventCountry "SRB"]
[SourceTitle "CBM 213"]
[Source "ChessBase"]
[SourceDate "2023.04.30"]
[SourceVersion "1"]
[SourceVersionDate "2023.04.30"]
[SourceQuality "1"]

1. e4 e5 2. Nf3 Nc6 3. Bb5 a6 4. Ba4 Bc5 5. 0-0 Nge7 6. c3 Ng6 7. d4 Ba7 8. Bg5 f6 9. Be3 0-0 10. Na3 d6 11. h3 Kh8 12. Nc2 b5 13. Bb3 Na5 14. Nb4 Bb7 15. Bc2 Nc4 16. Bc1 Nb6 17. d5 a5 18. Nd3 c6 19. dxc6 Bxc6 20. Qe2 Qe7 21. h4 Qd7 22. h5 Ne7 23. Nh4 d5 24. Rd1 Nc4 25. b3 Nd6 26. exd5 Bxd5 27. Ba3 b4 28. Bc1 bxc3 29. Ba3 Bd4 30. Nf4 exf4 31. Rxd4 Nb5 32. Qd3 f5 33. Ng6+ hxg6 34. hxg6 f3 35. Rh4+ Kg8 36. Bxe7 Rfe8 37. Re1 Ra6 38. Re5 Rxg6 39. g3 Be6 40. Qxd7 Bxd7 41. Bd3 Re6 42. Rxe6 Bxe6 43. Bg5 Nc7 44. Rd4 Nd5 45. Bxf5 Bxf5 46. Rxd5 Re1+ 47. Kh2 Bb1 48. Rxa5 Re2 49. Kg1 Bxa2 50. Rc5 Bxb3 51. Rxc3 Be6 52. Re3 Bg4 53. Rxe2 fxe2 54. Bd2 Bf3 55. g4 Bxg4 56. Kg2 Kf7 57. f3 Bd7 58. Kf2 Bb5 59. Ba5 Kf6 1/2-1/2

[Event "EU-ch 23rd"]
[Site "Vrnjacka Banja"]
[Date "2023.03.05"]
[Round "3"]
[White "Srdanovic, Jovana"]
[Black "Vasilkov, Nikolay"]
[Result "0-1"]
[WhiteElo "2146"]
[BlackElo "1931"]
[PlyCount "87"]
[EventDate "2023.03.03"]
[EventType "swiss"]
[EventRounds "11"]
[EventCountry "SRB"]
[SourceTitle "CBM 213"]
[Source "ChessBase"]
[SourceDate "2023.04.30"]
[SourceVersion "1"]
[SourceVersionDate "2023.04.30"]
[SourceQuality "1"]

1. d4 d5 2. c4 e6 3. Nc3 Nf6 4. Bg5 Be7 5. Nf3 0-0 6. e3 h6 7. Bh4 b6 8. Rc1 Bb7 9. Bxf6 Bxf6 10. cxd5 exd5 11. b4 c6 12. Bd3 a5 13. bxa5 Rxa5 14. a4 Nd7 15. 0-0 Qb8 16. Qb3 Bd8 17. Rfe1 c5 18. Bf5 c4 19. Qb4 Nf6 20. Ne5 Bc7 21. f4 Qd8 22. Rb1 g6 23. Bh3 Kg7 24. g3 h5 25. Bg2 Re8 26. Nxc4 dxc4 27. Bxb7 h4 28. Nb5 Bb8 29. Qxc4 hxg3 30. hxg3 Qd7 31. Qc6 Qf5 32. Qf3 Ng4 33. e4 Qh5 34. Qh1 Qxh1+ 35. Kxh1 Rh8+ 36. Kg2 Rh2+ 37. Kf3 f5 38. exf5 gxf5 39. Re2 Rxa4 40. Bd5 Rh3 41. Ree1 Bd6 42. Bb3 Rb4 43. Be6 Rxb5 44. Bxf5 0-1

[Event "EU-ch 23rd"]
[Site "Vrnjacka Banja"]
[Date "2023.03.03"]
[Round "1"]
[White "Ohanyan, Emin"]
[Black "Vasilkov, Nikolay"]
[Result "1-0"]
[WhiteElo "2405"]
[BlackElo "1931"]
[PlyCount "45"]
[EventDate "2023.03.03"]
[EventType "swiss"]
[EventRounds "11"]
[EventCountry "SRB"]
[SourceTitle "CBM 213"]
[Source "ChessBase"]
[SourceDate "2023.04.30"]
[SourceVersion "1"]
[SourceVersionDate "2023.04.30"]
[SourceQuality "1"]

1. d4 Nf6 2. c4 g6 3. Nc3 Bg7 4. e4 d6 5. Be2 e5 6. dxe5 dxe5 7. Qxd8+ Kxd8 8. f4 Nbd7 9. Nf3 h6 10. 0-0 exf4 11. Bxf4 g5 12. Be3 c6 13. Bd4 c5 14. Bf2 Re8 15. e5 Nxe5 16. Rad1+ Bd7 17. Bxc5 b6 18. Nxe5 bxc5 19. Nxf7+ Ke7 20. Ne5 Be6 21. Bf3 Rac8 22. Nb5 Rg8 23. Nxa7 1-0

[Event "EU-ch U08"]
[Site "Bratislava"]
[Date "2019.08.04"]
[Round "3"]
[White "Vasilkov, Nikolay"]
[Black "Obrycki, Tomasz"]
[Result "1-0"]
[WhiteElo "1371"]
[BlackElo "1190"]
[PlyCount "69"]
[EventDate "2019.08.02"]
[EventType "swiss"]
[EventRounds "9"]
[EventCountry "SVK"]
[SourceTitle "EXT 2020"]
[Source "ChessBase"]
[SourceDate "2019.10.17"]
[SourceVersion "1"]
[SourceVersionDate "2019.10.17"]
[SourceQuality "1"]

1. e4 c5 2. Nf3 Nc6 3. d4 cxd4 4. Nxd4 Nf6 5. Nc3 e5 6. Ndb5 d6 7. Bg5 a6 8. Na3 b5 9. Nd5 Be7 10. Bxf6 Bxf6 11. c3 Bg5 12. Nc2 0-0 13. a4 bxa4 14. Rxa4 a5 15. Bc4 Be6 16. 0-0 Ne7 17. Nce3 Bxe3 18. Nxe3 Qb6 19. Bxe6 fxe6 20. Nc4 Qc6 21. b3 Rfd8 22. Qg4 d5 23. Nxe5 Qd6 24. Nf3 h6 25. e5 Qd7 26. Nd4 Ra6 27. Re1 Rc8 28. Re3 Rc5 29. Rg3 Nc8 30. Qg6 Kh8 31. Nf5 Ra7 32. Nxh6 Rcc7 33. Rh4 Nb6 34. Nf7+ Kg8 35. Rh8# 1-0

[Event "RUS-chT U11"]
[Site "Sochi"]
[Date "2019.05.10"]
[Round "9.2"]
[White "Vasilkov, Nikolay"]
[Black "Zimin, Artur"]
[Result "1/2-1/2"]
[WhiteElo "1272"]
[BlackElo "1653"]
[PlyCount "100"]
[EventDate "2019.05.01"]
[EventType "team-tourn"]
[EventRounds "9"]
[EventCountry "RUS"]
[SourceTitle "EXT 2022"]
[Source "ChessBase"]
[SourceDate "2021.10.06"]
[SourceVersion "1"]
[SourceVersionDate "2021.10.06"]
[SourceQuality "1"]

1. e4 c5 2. Nf3 Nc6 3. d4 cxd4 4. Nxd4 Nf6 5. Nc3 e5 6. Ndb5 d6 7. Bg5 a6 8. Na3 b5 9. Nd5 Be7 10. Bxf6 Bxf6 11. c3 0-0 12. Nc2 Bg5 13. h4 Bh6 14. g3 f5 15. exf5 Bxf5 16. Bg2 Rc8 17. 0-0 a5 18. a3 a4 19. c4 Bxc2 20. Qxc2 Nd4 21. Qd3 Rxc4 22. Nc3 Rc5 23. Ne4 Rc8 24. Nc3 Qd7 25. Kh2 Rb8 26. Be4 g6 27. Rad1 Kh8 28. Ne2 d5 29. Bg2 Nxe2 30. Qxe2 d4 31. Qxe5+ Bg7 32. Qd5 Qxd5 33. Bxd5 d3 34. Rxd3 Bxb2 35. Kg2 b4 36. axb4 Rxb4 37. Ba2 Rd4 38. Rfd1 Rfd8 39. Rxd4 Rxd4 40. Rxd4 Bxd4 41. f4 Kg7 42. g4 Bf6 43. Kg3 Bd4 44. g5 Bc3 45. Kf2 Bd2 46. Kf3 Be1 47. Kg4 a3 48. h5 gxh5+ 49. Kxh5 Bd2 50. f5 Bc3 1/2-1/2